| 000 | 00842nam a22002417a 4500 | ||
|---|---|---|---|
| 005 | 20240918105232.0 | ||
| 010 | _aENG-141659 ENG-141660 | ||
| 020 |
_c 950.00 _a9789393330895(Vol 1) |
||
| 020 |
_c695.00 _a9789393330888 (Vol 2) |
||
| 035 | _aEN-125191 EN-125192 | ||
| 037 | _bDBAD/PUB | ||
| 082 |
_a574 _22 |
||
| 100 |
_aJha, Abhimanyu Kumar _971728 |
||
| 245 |
_aBiology For Neet/ _cBy Abhimanyu Kumar Jha; Runjhun Mathur [ and ] Meenakshi Jha |
||
| 260 |
_aTelangana _bUniversities Press ( India ) Private Limited _c2024 |
||
| 270 |
_bHyderabad _a3-6-747/1A & 3-6- 754/1, Himayatnagar, Hyderabad _e500029 |
||
| 300 |
_avp. _c28cm(pb) |
||
| 300 |
_avp. _b28cm. |
||
| 490 | _vVol 1, Vol 2 | ||
| 700 |
_aMathur, Runjhun _eAuthor _971138 |
||
| 700 |
_aJha, Meenakshi _eAuthor _971139 |
||
| 942 |
_2ddc _cEN _h574 _mJHA |
||
| 999 |
_c205604 _d205604 |
||